书目信息 |
| 题名: |
无能文学的力量
|
|
| 作者: | 张新颖 著 | |
| 分册: | ||
| 出版信息: | 长春 吉林出版集团有限责任公司 2009.10 |
|
| 页数: | 285页 | |
| 开本: | 23cm | |
| 丛书名: | ||
| 单 册: | ||
| 中图分类: | I206.7 | |
| 科图分类: | ||
| 主题词: | 文学评论 , 文学评论--中国--现代--文集 | |
| 电子资源: | ||
| ISBN: | 978-7-80762-387-8 | |
| 000 | 00880nam0 2200265 450 | |
| 001 | 1145108575 | |
| 005 | 20111208123233.17 | |
| 010 | @a978-7-80762-387-8@dCNY27.50 | |
| 090 | @aI206.7@bzxy | |
| 096 | @aI206.7@bzxy | |
| 100 | @a20100420d2009 em y0chiy50 ea | |
| 101 | 0 | @achi |
| 102 | @aCN@b220000 | |
| 105 | @ay z 000yy | |
| 200 | 1 | @a无能文学的力量@b专著@f张新颖著@9wu neng wen xue de li liang |
| 210 | @a长春@c吉林出版集团有限责任公司@d2009.10 | |
| 215 | @a285页@d23cm | |
| 300 | @a学院批评文库/刘中树,张学昕主编 | |
| 330 | @a本书包括在当代文学史的潮流之外、20世纪701年代末到90年代、由新世纪的创作重新思考文学、零星的发言和简短的评论、批评的见证等五辑。 | |
| 606 | 0 | @a文学评论 |
| 606 | 0 | @a文学评论@y中国@z现代@j文集 |
| 690 | @aI206.7@v4 | |
| 701 | 0 | @a张新颖@f(1967~)@4著@9zhang xin ying |
| 801 | 0 | @aCN@b110017@c20100413 |
| 905 | @aZUCC@dI206.7@eZ2181 | |
| 无能文学的力量/张新颖著.-长春:吉林出版集团有限责任公司,2009.10 |
| 285页;23cm |
| 学院批评文库/刘中树,张学昕主编 |
| ISBN 978-7-80762-387-8:CNY27.50 |
| 本书包括在当代文学史的潮流之外、20世纪701年代末到90年代、由新世纪的创作重新思考文学、零星的发言和简短的评论、批评的见证等五辑。 |
| ● |
| 相关链接 |
|
|
|
正题名:无能文学的力量
索取号:I206.7/Z2181
 
预约/预借
| 序号 | 登录号 | 条形码 | 馆藏地/架位号 | 状态 | 备注 |
| 1 | 827079 | 208270798 | 文学库108/108文学库 6排8列1层/ [索取号:I206.7/Z2181] | 在馆 | |
| 2 | 827080 | 208270805 | 文学库108/108文学库 6排8列1层/ [索取号:I206.7/Z2181] | 在馆 | |
| 3 | 827081 | 208270814 | 文学库108/108文学库 6排8列1层/ [索取号:I206.7/Z2181] | 在馆 |